Normal view
MARC view
- Addy, Noel.
Entry Personal Name
001 - CONTROL NUMBER
- control field: 45511
003 - CONTROL NUMBER IDENTIFIER
- control field: OSt
005 - DATE AND TIME OF LATEST TRANSACTION
- control field: 20220608094444.0
008 - FIXED-LENGTH DATA ELEMENTS
- fixed length control field: 220608|| aca||aabn | a|a d
040 ## - CATALOGING SOURCE
- Original cataloging agency: OSt
- Transcribing agency: OSt
100 ## - HEADING--PERSONAL NAME
- Personal name: Addy, Noel.
670 ## - SOURCE DATA FOUND
- Source citation: Work cat.: (OSt): Addy, Noel., The decision to adopt a clawback provision/, 2011.
